00225nam a2200085Ia 4500008004100000041000800041100001900049245003600068260003500104241105s9999 xx 000 0 und d aeng aManglick Tanvi aYouth Spiritual Centre Dehradun bFinal Year B. Arch, BNCAc2014